<?xml version="1.0" encoding="UTF-8"?><?xml-stylesheet type="text/xsl" href="static/style.xsl"?><OAI-PMH xmlns="http://www.openarchives.org/OAI/2.0/" xmlns:xsi="http://www.w3.org/2001/XMLSchema-instance" xsi:schemaLocation="http://www.openarchives.org/OAI/2.0/ http://www.openarchives.org/OAI/2.0/OAI-PMH.xsd"><responseDate>2026-04-17T17:04:17Z</responseDate><request verb="GetRecord" identifier="oai:www.recercat.cat:2445/198942" metadataPrefix="marc">https://recercat.cat/oai/request</request><GetRecord><record><header><identifier>oai:recercat.cat:2445/198942</identifier><datestamp>2025-12-04T20:38:37Z</datestamp><setSpec>com_2072_1057</setSpec><setSpec>col_2072_478800</setSpec><setSpec>col_2072_478858</setSpec><setSpec>col_2072_478917</setSpec></header><metadata><record xmlns="http://www.loc.gov/MARC21/slim" xmlns:dcterms="http://purl.org/dc/terms/" xmlns:xsi="http://www.w3.org/2001/XMLSchema-instance" xmlns:doc="http://www.lyncode.com/xoai" xsi:schemaLocation="http://www.loc.gov/MARC21/slim http://www.loc.gov/standards/marcxml/schema/MARC21slim.xsd">
   <leader>00925njm 22002777a 4500</leader>
   <datafield ind2=" " ind1=" " tag="042">
      <subfield code="a">dc</subfield>
   </datafield>
   <datafield ind2=" " ind1=" " tag="720">
      <subfield code="a">Escura Sancho, Sílvia</subfield>
      <subfield code="e">author</subfield>
   </datafield>
   <datafield ind2=" " ind1=" " tag="720">
      <subfield code="a">Anglès Acedo, Sònia</subfield>
      <subfield code="e">author</subfield>
   </datafield>
   <datafield ind2=" " ind1=" " tag="720">
      <subfield code="a">Oliver Marrugat, Meritxell</subfield>
      <subfield code="e">author</subfield>
   </datafield>
   <datafield ind2=" " ind1=" " tag="720">
      <subfield code="a">Ribera Torres, Laura</subfield>
      <subfield code="e">author</subfield>
   </datafield>
   <datafield ind2=" " ind1=" " tag="720">
      <subfield code="a">Castelo-Branco Flores, Camil</subfield>
      <subfield code="e">author</subfield>
   </datafield>
   <datafield ind2=" " ind1=" " tag="260">
      <subfield code="c">2023-06-07T13:22:43Z</subfield>
   </datafield>
   <datafield ind2=" " ind1=" " tag="260">
      <subfield code="c">2023-06-07T13:22:43Z</subfield>
   </datafield>
   <datafield ind2=" " ind1=" " tag="260">
      <subfield code="c">2022-12-01</subfield>
   </datafield>
   <datafield ind2=" " ind1=" " tag="260">
      <subfield code="c">2023-06-07T13:22:43Z</subfield>
   </datafield>
   <datafield ind2=" " ind1=" " tag="520">
      <subfield code="a">Objective: Female genital mutilation or cutting (FGM/C) includes all the procedures which involve the partial or total removal of the external female genitalia for non-medical reasons. FGM/C exposes women to short and long-term health risks, such as sexual health impairment. For this reason, we have designed this review with the aim to investigate the impact of FGM/C on female sexual health. Methods: We searched Embase, Medline, and the Cochrane library to identify potentially relevant English publications on the effect of FGM/C on women's sexual health. Results: FGM/C constitutes a violation of sexual rights, including the principle of autonomy, integrity and sexual security of the body, as well as the right to sexual equality. A large proportion of women with FGM/C have female sexual dysfunction. Sexual therapy aims to empower these women to identify their own pleasure, raise their awareness about sensorial perceptions and sensuality, improve their genital image and self-esteem and also the proprioception of their genital area. Reconstructive surgery represents one of the therapeutic alternatives for women with FGM/C. Conclusions: Sexuality in women with FGM/C needs to be evaluated by a multidisciplinary team in order to offer an appropriate and personalized treatment, considering the physical and psychological dimensions of the individual</subfield>
   </datafield>
   <datafield tag="653" ind2=" " ind1=" ">
      <subfield code="a">Circumcisió femenina</subfield>
   </datafield>
   <datafield tag="653" ind2=" " ind1=" ">
      <subfield code="a">Salut sexual</subfield>
   </datafield>
   <datafield tag="653" ind2=" " ind1=" ">
      <subfield code="a">Aparell genital femení</subfield>
   </datafield>
   <datafield tag="653" ind2=" " ind1=" ">
      <subfield code="a">Drets sexuals</subfield>
   </datafield>
   <datafield tag="653" ind2=" " ind1=" ">
      <subfield code="a">Female circumcision</subfield>
   </datafield>
   <datafield tag="653" ind2=" " ind1=" ">
      <subfield code="a">Sexual health</subfield>
   </datafield>
   <datafield tag="653" ind2=" " ind1=" ">
      <subfield code="a">Female generative organs</subfield>
   </datafield>
   <datafield tag="653" ind2=" " ind1=" ">
      <subfield code="a">Sexual rights</subfield>
   </datafield>
   <datafield ind2="0" ind1="0" tag="245">
      <subfield code="a">Sexual health in women with female genital mutilation</subfield>
   </datafield>
</record></metadata></record></GetRecord></OAI-PMH>